Democracia, gobernanza y desarrollo en el Mercosur: hacia un proyecto propio en el siglo XXI /

El artículo se refiere básicamente a la profunda deslegitimación del sistema político institucional democrático de Argentina, que se viene arrastrando desde hace algunos años y que eclosiona en los acontecimientos de fines de 2001 e inicios de 2002 en Argentina, en un marco de largo plazo de persist...

Ausführliche Beschreibung

Gespeichert in:
Bibliographische Detailangaben
1. Verfasser: Sierra, Gerónimo de
Weitere Verfasser: comp. Bernales Alvarado, Manuel comp. Riella, Alberto col.
Format: Text
Sprache:Spanish
Veröffentlicht: Uruguay: UNESCO. CLACSO, 2004
Schlagworte:
Tags: Tag hinzufügen
Keine Tags, Fügen Sie den ersten Tag hinzu!

MARC

LEADER 00000 a a2200000 04500
001 33938
003 cru CIDCACS/IIS
005 20230705112327.0
008 230321b2004 uy ||||| |||| 00| 0 spa d
020 |a 9974-0-02-62-1  
040 |c CRAI IIS 
090 |a 01.02.01 S572d  
100 |a Sierra, Gerónimo de  
245 |a Democracia, gobernanza y desarrollo en el Mercosur: hacia un proyecto propio en el siglo XXI /  |c Gerónimo de Sierra 
260 |a Uruguay:   |b UNESCO. CLACSO,  |c 2004 
300 |a 242 p.  
520 |a El artículo se refiere básicamente a la profunda deslegitimación del sistema político institucional democrático de Argentina, que se viene arrastrando desde hace algunos años y que eclosiona en los acontecimientos de fines de 2001 e inicios de 2002 en Argentina, en un marco de largo plazo de persistente deterioro social, varias políticas gubernamentales agravaron la magnitud y alcances de la crisis económica y la vulnerabilidad financiera y acentuaron su impacto sobre los segmentos medios y más empobrecidos de la población, incluyendo a quienes hasta entonces habían logrado mantenerse relativamente al margen de ellas  
650 |a DESIGUALDAD SOCIAL  
650 |a CRISIS POLITICA  
650 |a PROBLEMAS SOCIALES  
650 |a PROTESTANTES  
650 |a ARGENTINA  
700 |a comp.   |a Bernales Alvarado, Manuel   |a comp.   |a Riella, Alberto   |a col.  
942 |2 ddc  |c LI 
999 |c 5427  |d 5427